| 000 | 00864nac a22002651i 4500 | ||
|---|---|---|---|
| 003 | EG-ScBUE | ||
| 005 | 20240609112005.0 | ||
| 008 | 111016t1984 ua b f b 000 0 eng d | ||
| 020 | _a9774242130 | ||
| 040 |
_aEG-ScBUE _beng _erda _cEG-ScBUE _dEG-ScBUE |
||
| 043 | _af-ua--- | ||
| 082 | 0 | 4 |
_a962.003 _bWUC _222 |
| 100 | 1 |
_aWucher King, Joan, _eauthor. _927536 |
|
| 245 | 1 | 0 |
_aHistorical Dictionary of Egypt / _cby Joan Wucher King. |
| 264 | 1 |
_aCairo : _bThe American University in Cairo Press, _c[1984] |
|
| 264 | 4 | _cc1984 | |
| 300 |
_axiii, 719 pages : _bmaps ; _c23 cm |
||
| 336 |
_2rdacontent _atext _btxt |
||
| 337 |
_aunmediated _2rdamedia _bn |
||
| 338 |
_avolume _bnc _2rdacarrier |
||
| 504 | _aIncludes bibliographical references. | ||
| 651 | 7 |
_aEgypt _xHistory _xDictionaries. _2BUEsh _927538 |
|
| 655 | _vReading book | ||
| 942 |
_cREFERENCE _2ddc |
||
| 999 |
_c9558 _d9558 |
||